National dissemination model for the I'M SPECIAL Program of Physical Education for the Handicapped, 1983-1986 (Record no. 367)

MARC details
000 -LEADER
fixed length control field 01097nam a2200241Ka 4500
001 - CONTROL NUMBER
control field ACD-1947
008 - FIXED-LENGTH DATA ELEMENTS--GENERAL INFORMATION
fixed length control field 910415r19901986dcu b f00010 eng d
005 - DATE AND TIME OF LATEST TRANSACTION
control field 20200129130613.0
010 ## - LIBRARY OF CONGRESS CONTROL NUMBER
-- 23469098
037 ## - SOURCE OF ACQUISITION
Stock number ED 286333
Source of stock number/acquisition ERIC
074 ## - GPO ITEM NUMBER
GPO item number 0466-A-03 (MF)
086 0# - GOVERNMENT DOCUMENT CLASSIFICATION NUMBER
Classification number ED 1.310/2:286333
049 ## - LOCAL HOLDINGS (OCLC)
Holding library DRUG
245 00 - TITLE STATEMENT
Title National dissemination model for the I'M SPECIAL Program of Physical Education for the Handicapped, 1983-1986
Medium microform :
Remainder of title final report, I'M SPECIAL network.
260 0# - PUBLICATION, DISTRIBUTION, ETC.
Place of publication, distribution, etc. Tampa, Fla. :
Name of publisher, distributor, etc. Department of Physical Education, College of Education, University of South Florida ;
Place of publication, distribution, etc. [Washington, D.C.] :
Name of publisher, distributor, etc. U.S. Dept. of Education, Office of Educational Research and Improvement, Educational Resources Information Center,
Date of publication, distribution, etc. [1986]
300 ## - PHYSICAL DESCRIPTION
Extent 1 v.
533 ## - REPRODUCTION NOTE
Type of reproduction Microfiche.
Place of reproduction [Washington, D.C.?] :
Agency responsible for reproduction Supt. of Docs., U.S. G.P.O.,
Date of reproduction [1990].
Physical description of reproduction 2 microfiches.
500 ## - GENERAL NOTE
General note Distributed to depository libraries in microfiche.
650 #0 - SUBJECT ADDED ENTRY--TOPICAL TERM
Topical term or geographic name entry element Physical education.
650 #0 - SUBJECT ADDED ENTRY--TOPICAL TERM
Topical term or geographic name entry element Handicapped children
General subdivision Education.
710 20 - ADDED ENTRY--CORPORATE NAME
Corporate name or jurisdiction name as entry element Educational Resources Information Center (U.S.)
942 ## - ADDED ENTRY ELEMENTS (KOHA)
Koha item type Mixed Materials
Holdings
Withdrawn status Lost status Damaged status Not for loan Collection Home library Current library Shelving location Date acquired Barcode Date last seen Price effective from Koha item type
        Reference Centerville Centerville General stacks 09/04/2014 39999000016130 09/04/2014 09/04/2014 Books
        Reference Fairview Fairview General stacks 09/04/2014 39999000016093 09/04/2014 09/04/2014 Books
        Reference Fairview Fairview General stacks 09/04/2014 39999000016116 09/04/2014 09/04/2014 Books